000 00430nam a2200145Ia 4500
041 _aKurdish
082 _a491,5 cut-959 ئ
100 _a20260118u\\\\\\\\\\\y0engy0103\\\\ba
100 _aپرۆفیسۆر د.وریا عومەر ئەمین
245 0 _aلە قوژبنەکانى ڕێزمانى کوردى
250 _aچ1
260 _bچاپخانە حاجى هاشم
_aهەوڵیر
_c2015
300 _a103
942 _cBk
999 _c189356
_d189356